000 01688nkm a2200361 i 4500
001 3991
003 ES-MaACL
005 20250713062902.0
007 khrbo
008 070621s1987 sp --- g |001||spa d
100 0 _aAlfonso,
_d1902-1990
_919858
245 1 0 _aMesa redonda "Guernika 37" [
_hFotografía] /
_cAlfonso (sello).
260 _a[S.l. :
_bs.n.],
_c1987.
300 _a2 fot. :
_bb. y n. ;
_c12 x 18 cm.
490 1 _aPor la paz y la soberanía de los pueblos
500 _aDatos basados en invitación.
500 _aPreviamente a las 18:30 h se proyectaron los cortos "Guernika" y "Guernika en llamas"
511 0 _aIntervienen: Gonzalo Santonja, Jesús Ibáñez, Juan Trías, Mirta Núñez, Angel Aguirrezábal.
518 _aActo organizado por el Ateneo de Madrid en colaboración con la Agrupación Especial de Ateneístas por la Paz y la Agrupación Guernika-Madrid, celebrado en el salón de actos el miércoles, 1 de abril de 1987, a las 19:30 h.
600 1 4 _aSantonja, Gonzalo,
_d1952-
_9103451
600 1 4 _aIbáñez, Jesús.
_964906
600 1 4 _aTrías Vejarano, Juan.
_9111384
600 0 4 _aNúñez Díaz-Balart, Mirta
_9234073
600 1 4 _aAguirrezábal, Angel.
_918897
610 2 4 _aAteneo de Madrid-
_xActos culturales-
_y1987-
_vFotografías.
_91902
710 2 _aAteneo de Madrid.
_91875
710 2 _aAgrupación Ateneísta por la Paz.
_91278
710 2 _aAgrupación Guernika-Madrid.
_91291
830 0 _aPor la paz y la soberanía de los pueblos
_9176982
852 _aES-MaACL
_jFOT 56/1987
856 4 _uhttp://www.ateneodemadrid.net/biblioteca_digital/imagenes/1987/0056-1987.jpg
_zVer imagen
999 _c3991
_d3991